01736nam a22001337a 4500999001700000100007100017245009600088260003000184300000900214500124500223856003301468942001101501952009001512 c68227d68224 aChandio, Suhail Mustafa a14MPE07aSupervisor - Dr. Suhail Khokhar acomputational Intelligence based Dedection and Classification of Fault in Transmission Line aNawabshah:bQUEST,c2017. a70p. aABSTRACT The largest physical length of transmission network in Pakistan makes it the most critical part of the power system. The fast recognition of fault and events in transmission line has a significant role in order to prevent equipment damage and collapse of power system. The signal-processing and computational-intelligence based techniques have been proposed in literature for automatic classification of faults and events in transmission network. In this thesis, wavelet transform based probabilistic neural network has been proposed for the identification and classification of faults in overhead transmission network. The symmetrical and unsymmetrical short circuit faults are individually created at various fault resistances and fault locations. The wavelet transform is used to extract t he features in order to distinguish the type of faults. The probabilistic neural network is used to automatically classify the type of faults. A real-time transmission network of Pakistan is proposed for simulation of faults. This algorithm has been created i n MATLAB/Simulink software. The simulation results show that the proposed algorithm is efficient and reliable for automatic classification of faults in electrical power system.  uhttps://tinyurl.com/fkchdmk4 cTHESIS 00104070aRESEARCHbRESEARCHd2023-06-06l0pMP/30-336r2023-06-06 00:00:00yTHESIS